Name landlocked countries #2 - Statistics

General Stats
  • This quiz has been taken 11 times
  • The average score is 6 of 9
Answer Stats
Hint Answer % Correct
In the middle of spain and france Andorra
90%
Biggest landlocked country Kazakhstan
90%
In the middle of china and russia Mongolia
90%
It has the city of Asunción Paraguay
90%
Biggest landlocked country in Africa Chad
80%
The north korea of middle east Turkmenistan
60%
In europe and asia/transcontinental Armenia
40%
Has a lake called “lake nyasa” Malawi
40%
One of the highest military conviction rates Eswatini
10%
No matching quizzes found
Score Distribution
Percent of People with Each Score
Percentile by Number Answered
Your Score History
You have not taken this quiz